LDR 00710naa#a2200193#i#450# 001 EN\\bibl\120583 005 20260430101804.4 011 ## _a2587-6740 100 ## _a20260415b2026####ek#y0engy0150####ca 102 ## _aRU 200 1# _aFormation of a research methodology for the development of the agro-industrial complex: problems of economic dynamics and conjuncture _eJournal article 210 1# _aMoscow _cElectronic science _d2026 215 ## _a4 с. 608 ## _aJournal article _2local 675 ## _aАгропромышленный комплекс. 338.436.33 _z 700 #1 _aTikhomirov _gAlexey Ivanovich 700 #1 _aFomin _gAlexander Anatol'evich 700 #1 _aChekmarev _gPeter Aleksandrovich 856 4# _astolypinvestnik.ru _u